00538nam a2200085Ia 4500008004100000245003800041300027900079650002800358856006600386170517s9999 xx 000 0 und d aCulture in Decline: Economics 101 aThe topic of this show entitled Economics 101 deals with the subject of Economic Calculation, Market Rationale and its effects, along with considerations of the Scientific Principles of Sustainability. This episode features long winded and generally insulting rhetoric, a... xBusiness and Economics. uhttp://topdocumentaryfilms.com/culture-decline-economics-101/